The Second Economy and the Destabilizing Effect of its Growth on the State Economy on the Soviet Union: 1965 - 1989 (Record no. 1374)

MARC details
000 -LEADER
fixed length control field 00627nam a22002177i 4500
001 - CONTROL NUMBER
control field 1388
003 - CONTROL NUMBER IDENTIFIER
control field OSt
005 - DATE AND TIME OF LATEST TRANSACTION
control field 20170126082253.0
007 - PHYSICAL DESCRIPTION FIXED FIELD--GENERAL INFORMATION
fixed length control field tu
008 - FIXED-LENGTH DATA ELEMENTS--GENERAL INFORMATION
fixed length control field 161220s1993 xxu||||| |||| 00| 0 d
024 7# - OTHER STANDARD IDENTIFIER
Standard number or code 1387
Source of number or code RID
040 ## - CATALOGING SOURCE
Transcribing agency OSt
084 ## - OTHER CLASSIFICATION NUMBER
Classification number 8.24
Number source z
100 1# - MAIN ENTRY--PERSONAL NAME
Personal name Treml, Vladimir G.
245 00 - TITLE STATEMENT
Title The Second Economy and the Destabilizing Effect of its Growth on the State Economy on the Soviet Union: 1965 - 1989
260 ## - PUBLICATION, DISTRIBUTION, ETC.
Place of publication, distribution, etc. Durham :
Name of publisher, distributor, etc. WEFA Group,
Date of publication, distribution, etc. 1993.
300 ## - PHYSICAL DESCRIPTION
Extent 76 S. ;
Dimensions 30cm.
490 ## - SERIES STATEMENT
Series statement Berkeley-Duke Occasional Papers on the Second Economy
Volume/sequential designation 36
651 ## - SUBJECT ADDED ENTRY--GEOGRAPHIC NAME
Geographic name Soviet Union
700 1# - ADDED ENTRY--PERSONAL NAME
Personal name Alexeev, Michael V.
942 ## - ADDED ENTRY ELEMENTS (KOHA)
Koha item type Book
Holdings
Withdrawn status Lost status Damaged status Not for loan Home library Current library Shelving location Date acquired Inventory number Total Checkouts Full call number Barcode Date last seen Price effective from Koha item type
        WIIW WIIW Souterrain 02/01/1994 1388   II-4.280/36 301386 01/26/2017 01/26/2017 Book
The Vienna Instiute for International Economic Studies (wiiw)